000 00948nam a2200241Ia 4500
999 _c37388
_d37388
001 3347
003 GE_BSU
005 20190605163636.0
008 181216s1994||||ge |||||||||||||| ||geo||
040 _cGE_BSU
041 _ageo
080 _a620.1:539.4(075.8) დ–19
100 _aდანელია,დ.
_92116
245 _aმასალათა გამძლეობა : ნაწ. II : ლექციების კონსპექტი /
_cდ. დანელია ; ნ. მურღულია ; გ. ხაზალია.
264 _aთბილისი :
_bსტუ,
_c1994.
300 _a72 გვ .:
_c20 სმ.
541 _h2 ლ.
653 _aმასალათა გამძლეობა
700 _aმურღულია,ნ
_92134
700 _aხაზალია,გ
_91887
700 _aარსენიძე, ც
_eრედაქტორი
_91557
942 _cBK
_2udc